| 000 | 01799nam0a2200385 4500 | ||
|---|---|---|---|
| 001 | RU\NLR\bibl\1490562 | ||
| 005 | 20260406115826.0 | ||
| 010 |
_a978-5-93366-014-9 _91000 |
||
| 021 |
_aRU _b2010-5836 _9370 |
||
| 035 | _a(nilc)RSL-KNO-004577015 | ||
| 035 | _a(NLR Aleph) 001482133 | ||
| 090 |
_a1710211 _c1710211 |
||
| 100 | _a20100205d2009 |||y0rusy50 ca | ||
| 101 | 0 | _arus | |
| 102 | _aRU | ||
| 105 | _aa zzzz||||| | ||
| 200 | 1 |
_aМатрица Восхождения в пророчествах А. С. Пушкина _eпуть эволюции сознания _fН. П. Брюзина |
|
| 210 |
_aМосква _cДельфис _d2009 |
||
| 215 |
_a77, [2] с. _cил. _d21 |
||
| 600 | 1 |
_aПушкин _bА.С. _f1799 - 1837 _gАлександр Сергеевич _xФилософские взгляды _92110314 _3RU\NLR\auth\661275441 |
|
| 604 |
_1700#1$aПушкин$bА. С.$gАлександр Сергеевич$f1799 - 1837 _150010$a"Сказка о царе Салтане"$2nlr_sh2$3RU\NLR\AUTH\661468062 _aПушкин, Александр Сергеевич (1799 - 1837) _t"Сказка о царе Салтане" _92471932 _3RU\NLR\AUTH\661468062 |
||
| 686 |
_aШ5(2=Р)51-4Пушкин А.С.535,0 _2rubbk |
||
| 686 | _aШ5(2=Р)51-4Пушкин535 | ||
| 686 | _aШ5(2=Р)51-4Пушкин3 | ||
| 700 | 1 |
_aБрюзина _bН. П. _gНина Павловна _4070 |
|
| 702 | 1 |
_4570 _8rus _7ca _aПушкин _bА. С. _cпоэт _f1799-1837 _gАлександр Сергеевич _3RU\NLR\auth\77386 _9110441 |
|
| 801 | 0 |
_aRU _bRuMoRGB _c20100205 _gRCR |
|
| 801 | 1 |
_aRU _bRuMoRGB _c20100205 |
|
| 801 | 2 |
_aRU _bNLR _c20100325 _grcr |
|
| 830 | _aпо кн | ||
| 942 | _cBOOK | ||
| 980 | _aNB | ||